Normal view
MARC view
- DILEEP SEAN, Y
Entry Personal Name
001 - CONTROL NUMBER
- control field: 3493
003 - CONTROL NUMBER IDENTIFIER
- control field: OSt
005 - DATE AND TIME OF LATEST TRANSACTION
- control field: 20181001114022.0
008 - FIXED-LENGTH DATA ELEMENTS
- fixed length control field: 181001|| aca||aabn | a|a d
040 ## - CATALOGING SOURCE
- Original cataloging agency: OSt
- Transcribing agency: OSt
100 ## - HEADING--PERSONAL NAME
- Personal name: DILEEP SEAN, Y
670 ## - SOURCE DATA FOUND
- Source citation: Work cat.: (OSt)15094: DILEEP SEAN, Y, Development and evaluation of an ultraviolet radiation assisted with ohmic heating system for preservation of pineapple juice
